000 00228nam a2200085Ia 4500
008 120527s9999 xx 000 0 und d
100 _aEGBERT,M.Kipp
245 _aPeople aspects attracting and retailing K&D personnel.
942 _cBK
999 _c24232
_d24232